Ashoka the great / (Record no. 79568)
[ view plain ]
| 000 -LEADER | |
|---|---|
| fixed length control field | 00855nam a22002657a 4500 |
| 005 - DATE AND TIME OF LATEST TRANSACTION | |
| control field | 20150917125725.0 |
| 010 ## - LCCN (DPL NO) | |
| LC control number | B-495490-497 ENG-113865 |
| 020 ## - INTERNATIONAL STANDARD BOOK NUMBER | |
| International Standard Book Number | 9789350247730 |
| Terms of availability | 650.00 |
| 035 ## - SYSTEM CONTROL NUMBER | |
| System control number | B-495490-497 |
| 035 ## - SYSTEM CONTROL NUMBER | |
| System control number | EN-97397 |
| 037 ## - SOURCE OF ACQUISITION | |
| Source of stock number/acquisition | HPH/Ven |
| Stock number | dpl |
| 037 ## - SOURCE OF ACQUISITION | |
| Source of stock number/acquisition | DBAD/PUB |
| 082 ## - DEWEY DECIMAL CLASSIFICATION NUMBER | |
| Classification number | 921 |
| 245 ## - TITLE STATEMENT | |
| Title | Ashoka the great / |
| Statement of responsibility, etc | edited by R.K.Singh [and] P.K.Choudhry |
| 260 ## - PUBLICATION, DISTRIBUTION, ETC. (IMPRINT) | |
| Place of publication, distribution, etc | Mumbai |
| Name of publisher, distributor, etc | Himalaya Books |
| Date of publication, distribution, etc | 2011 |
| 270 ## - ADDRESS | |
| Address | Ramdoot Dr. Bhalerao Marg, Girgaon |
| City | Mumbai |
| Postal code | 400004 |
| 300 ## - PHYSICAL DESCRIPTION | |
| Extent | 368p. |
| Dimensions | 22cm(Hb) |
| 490 ## - SERIES STATEMENT | |
| Series statement | edited by M.H. Syed |
| 500 ## - GENERAL NOTE | |
| General note | Includes bibliographical references and index |
| 700 ## - ADDED ENTRY--PERSONAL NAME | |
| Personal name | R.K. Singh |
| 700 ## - ADDED ENTRY--PERSONAL NAME | |
| Personal name | Choudhry, P.K. |
| 700 ## - ADDED ENTRY--PERSONAL NAME | |
| Personal name | Syed, M.H. |
| 942 ## - ADDED ENTRY ELEMENTS (KOHA) | |
| Source of classification or shelving scheme | Dewey Decimal Classification |
| Item type | English Books |
| Call number suffix | ASH |
| Classification part | 921 |
| Withdrawn status | Lost status | Not for loan | Collection code | Home library | Current library | Date acquired | Source of acquisition | Cost, normal purchase price | Full call number | Barcode | Copy number | Cost, replacement price | Koha item type |
|---|---|---|---|---|---|---|---|---|---|---|---|---|---|
| Non-fiction | Bawana | Bawana | 30/10/2013 | HPH/A443489/09.03.2013/170/09.03.2013/15.03.2013 | 650.00 | 921 ASH | B-495496 | 1 | 650.00 | English Books | |||
| Non-fiction | Central Library | Central Library | 30/10/2013 | HPH/A443489/09.03.2013/170/09.03.2013/15.03.2013 | 650.00 | 921 ASH | B-495490 | 1 | 650.00 | English Books | |||
| Not For Loan | Non-fiction | D.B.Act.Division | D.B.Act.Division | 18/08/2015 | DBAD/PUB | 650.00 | 920 ASH | EN-97397 | 1 | 650.00 | English Books | ||
| Non-fiction | Janak Puri | Janak Puri | 30/10/2013 | HPH/A443489/09.03.2013/170/09.03.2013/15.03.2013 | 650.00 | 921 ASH | B-495495 | 1 | 650.00 | English Books | |||
| Non-fiction | Kasturba Gandhi Marg | Kasturba Gandhi Marg | 30/10/2013 | HPH/A443489/09.03.2013/170/09.03.2013/15.03.2013 | 650.00 | 921 ASH | B-495492 | 1 | 650.00 | English Books | |||
| Non-fiction | Narela | Narela | 30/10/2013 | HPH/A443489/09.03.2013/170/09.03.2013/15.03.2013 | 650.00 | 921 ASH | B-495497 | 1 | 650.00 | English Books | |||
| Non-fiction | Patel Nagar | Patel Nagar | 30/10/2013 | HPH/A443489/09.03.2013/170/09.03.2013/15.03.2013 | 650.00 | 921 ASH | B-495491 | 1 | 650.00 | English Books | |||
| Non-fiction | Peshwa Road | Peshwa Road | 30/10/2013 | HPH/A443489/09.03.2013/170/09.03.2013/15.03.2013 | 650.00 | 921 ASH | B-495493 | 1 | 650.00 | English Books | |||
| Non-fiction | Tri Nagar | Tri Nagar | 30/10/2013 | HPH/A443489/09.03.2013/170/09.03.2013/15.03.2013 | 650.00 | 921 ASH | B-495494 | 1 | 650.00 | English Books |
